000 00663nam a2200217 i 4500
005 20160210201138.0
008 160210s2007 ck fr||| |||| 00spa dpa d
020 _a9789584428912
040 _aCO-BoIAVH
_cCO-BoIAVH
041 _aspa
082 0 4 _a571.95
_bP15e
100 1 _aPalacio Baena, Jaime Alberto
245 _aEcotoxicología acuática /
_cJaime Alberto Palacio Baena.
260 _aAntioquia :
_bUniversidad de Antioquia,
_c2007.
300 _a437 páginas
650 1 4 _aToxicología ambiental
650 2 4 _aCinética química
650 2 4 _aEcología de agua dulce
942 _cLIBRO
_2ddc
945 _d2010-09-09
999 _c7293
_d7293